[Event "Moscow-ch op Superfinal"]
[Site "Ershovo"]
[Date "2024.02.27"]
[Round "7"]
[White "Strokin, Danil"]
[Black "Popov, Tikhon"]
[Result "1/2-1/2"]
[WhiteElo "2053"]
[BlackElo "2138"]
[PlyCount "131"]
[EventDate "2024.02.23"]
[EventType "swiss"]
[EventRounds "10"]
[EventCountry "RUS"]
[SourceTitle "CB10_2024"]
[SourceDate "2024.03.06"]
[SourceVersion "1"]
[SourceVersionDate "2024.03.06"]
[SourceQuality "1"]

1. Nf3 Nf6 2. c4 e6 3. Nc3 Bb4 4. g3 0-0 5. Bg2 Bxc3 6. bxc3 d6 7. d4 Qe7 8. 0-0 c5 9. dxc5 dxc5 10. Bf4 Rd8 11. Qb3 b6 12. Ne5 Bb7 13. Rfd1 Bxg2 14. Rxd8+ Qxd8 15. Kxg2 Qc8 16. Rd1 Nfd7 17. Nxd7 Nxd7 18. Rd6 Nf6 19. f3 h6 20. e4 Qb7 21. h4 Nh5 22. Be3 Nf6 23. Qc2 Qa6 24. Qb3 e5 25. g4 Qb7 26. Qd1 Qa6 27. g5 hxg5 28. hxg5 Nh5 29. g6 Rf8 30. Rd8 Qxa2+ 31. Kh3 Nf6 32. Qd6 Ne8 33. Qe7 fxg6 34. Rxe8 Rxe8 35. Qxe8+ Kh7 36. Qxe5 Qxc4 37. Kg3 a5 38. Qd5 Qxc3 39. Bd2 Qa1 40. e5 Qg1+ 41. Kf4 Qh2+ 42. Ke3 Qg1+ 43. Ke4 Qb1+ 44. Qd3 Qb2 45. Qd7 Qb1+ 46. Kf4 a4 47. e6 Qf5+ 48. Kg3 a3 49. Bc3 Qg5+ 50. Kf2 Qh4+ 51. Ke3 Qh6+ 52. Kd3 a2 53. e7 c4+ 54. Kc2 Qh2+ 55. Qd2 Qg1 56. Qd1 Qe3 57. Qh1+ Kg8 58. Qe1 Qxe1 59. Bxe1 Kf7 60. Bc3 Kxe7 61. Bxg7 Ke6 62. Kb2 Kf5 63. Bh6 g5 64. Kxa2 Kf4 65. Kb2 b5 66. Kc3 1/2-1/2

[Event "St Petersburg Korchnoi Memorial op"]
[Site "St Petersburg"]
[Date "2023.08.22"]
[Round "7"]
[White "Sek, Konstantin"]
[Black "Strokin, Danil"]
[Result "1-0"]
[WhiteElo "2419"]
[BlackElo "1955"]
[PlyCount "105"]
[EventDate "2023.08.18"]
[EventType "swiss"]
[EventRounds "9"]
[EventCountry "RUS"]
[SourceTitle "EXT 2024"]
[Source "ChessBase"]
[SourceDate "2023.10.10"]
[SourceVersion "1"]
[SourceVersionDate "2023.10.10"]
[SourceQuality "1"]

1. e4 e6 2. d4 d5 3. Nd2 c5 4. c3 cxd4 5. cxd4 dxe4 6. Nxe4 Bd7 7. Nf3 Bc6 8. Bd3 Nd7 9. 0-0 Ngf6 10. Nc3 Be7 11. Re1 0-0 12. a3 Qc7 13. Bg5 h6 14. Bh4 Rfe8 15. Rc1 Qb6 16. b4 a5 17. bxa5 Qxa5 18. Nb1 Bxa3 19. Nxa3 Qxa3 20. h3 Rec8 21. Qe2 Qa2 22. Rc2 Qd5 23. Rec1 Ra3 24. Bg3 Rca8 25. Qf1 Ne4 26. Bf4 g5 27. Bc7 Kg7 28. Qe2 h5 29. Rxc6 Rxd3 30. Qxd3 bxc6 31. Re1 f5 32. Qe3 g4 33. Ng5 Kg6 34. Nxe4 Qxe4 35. Qc1 Qd5 36. h4 f4 37. Bxf4 Rf8 38. Qe3 Qf5 39. Bg3 Rf6 40. Rc1 Qd5 41. Qc3 Rf7 42. Kh2 Nf6 43. Re1 Nd7 44. Qe3 Rf6 45. Ra1 Rf7 46. Ra8 Rf8 47. Ra6 Rf5 48. Qa3 c5 49. Rd6 Qb7 50. Rxe6+ Kf7 51. Qe3 cxd4 52. Re7+ Kg6 53. Qe6+ 1-0

[Event "St Petersburg Korchnoi Memorial op"]
[Site "St Petersburg"]
[Date "2023.08.20"]
[Round "4"]
[White "Strokin, Danil"]
[Black "Safronov, Grigoriy"]
[Result "1-0"]
[WhiteElo "1955"]
[BlackElo "1589"]
[PlyCount "57"]
[EventDate "2023.08.18"]
[EventType "swiss"]
[EventRounds "9"]
[EventCountry "RUS"]
[SourceTitle "EXT 2024"]
[Source "ChessBase"]
[SourceDate "2023.10.10"]
[SourceVersion "1"]
[SourceVersionDate "2023.10.10"]
[SourceQuality "1"]

1. d4 d5 2. c4 c6 3. Nf3 Nf6 4. Nc3 dxc4 5. e4 b5 6. Be2 e6 7. a4 b4 8. e5 Nd5 9. Ne4 a5 10. Bxc4 Nd7 11. h4 Qb6 12. 0-0 Ba6 13. b3 Bb7 14. Bb2 Rd8 15. Nfg5 Be7 16. Qf3 0-0 17. Bd3 h6 18. Qg3 c5 19. Nf3 cxd4 20. Bxd4 Qc7 21. Rac1 Qb8 22. Qg4 Rc8 23. Rce1 Nc3 24. Nf6+ Bxf6 25. exf6 g5 26. hxg5 Rfd8 27. gxh6+ Kf8 28. Qg7+ Ke8 29. Rxe6+ 1-0

[Event "St Petersburg Korchnoi Memorial op"]
[Site "St Petersburg"]
[Date "2023.08.19"]
[Round "3"]
[White "Lundin, Jan"]
[Black "Strokin, Danil"]
[Result "1-0"]
[WhiteElo "2255"]
[BlackElo "1955"]
[PlyCount "37"]
[EventDate "2023.08.18"]
[EventType "swiss"]
[EventRounds "9"]
[EventCountry "RUS"]
[SourceTitle "EXT 2024"]
[Source "ChessBase"]
[SourceDate "2023.10.10"]
[SourceVersion "1"]
[SourceVersionDate "2023.10.10"]
[SourceQuality "1"]

1. c4 Nf6 2. Nc3 e6 3. e4 d5 4. e5 d4 5. exf6 dxc3 6. bxc3 Qxf6 7. d4 b6 8. Be2 Bb7 9. Bf3 Bxf3 10. Nxf3 Nd7 11. 0-0 Bd6 12. Bg5 Qf5 13. Qa4 h6 14. Bh4 g5 15. Bg3 Rd8 16. Ne5 h5 17. f4 g4 18. Bh4 f6 19. Rae1 1-0

[Event "St Petersburg Korchnoi Memorial op"]
[Site "St Petersburg"]
[Date "2023.08.19"]
[Round "2"]
[White "Strokin, Danil"]
[Black "Zhukov, Anton"]
[Result "1/2-1/2"]
[WhiteElo "1955"]
[BlackElo "2270"]
[PlyCount "108"]
[EventDate "2023.08.18"]
[EventType "swiss"]
[EventRounds "9"]
[EventCountry "RUS"]
[SourceTitle "EXT 2024"]
[Source "ChessBase"]
[SourceDate "2023.10.10"]
[SourceVersion "1"]
[SourceVersionDate "2023.10.10"]
[SourceQuality "1"]

1. d4 Nf6 2. c4 e6 3. Nf3 d5 4. Nc3 dxc4 5. e3 a6 6. Bxc4 b5 7. Bb3 Bb7 8. 0-0 c5 9. e4 cxd4 10. Nxd4 Nbd7 11. Re1 Nc5 12. e5 Nxb3 13. axb3 Nd5 14. Ne4 Bb4 15. Bd2 0-0 16. Bxb4 Nxb4 17. Nd6 Bd5 18. Qd2 Nc6 19. Nxc6 Bxc6 20. b4 Bd5 21. Rad1 f6 22. Ne4 fxe5 23. Nc3 Bb3 24. Qxd8 Rfxd8 25. Rxd8+ Rxd8 26. Rxe5 Bc4 27. h4 Rd2 28. b3 Bxb3 29. Ne4 Rd4 30. Nc5 Bd5 31. Nxe6 Bxe6 32. Rxe6 Rxh4 33. Rxa6 h6 34. Rb6 Rxb4 35. Rb7 Rb1+ 36. Kh2 b4 37. f4 b3 38. g3 Kh7 39. Rb6 h5 40. Kh3 g6 41. Kg2 Kg7 42. Kf3 Kf7 43. Kg2 b2 44. Rb7+ Ke6 45. Rb6+ Kd5 46. Rb8 h4 47. gxh4 Ke4 48. Re8+ Kf5 49. Rb8 Kg4 50. Rb4 Kxh4 51. Rb8 Kh5 52. Rb6 Kh4 53. Kh2 Rf1 54. Rxb2 Rxf4 1/2-1/2

[Event "Anapa Sea Harbor Cup"]
[Site "Anapa"]
[Date "2022.06.05"]
[Round "4"]
[White "Strokin, Danil"]
[Black "Kryakvin, Dmitry"]
[Result "0-1"]
[WhiteElo "2006"]
[BlackElo "2524"]
[PlyCount "66"]
[EventDate "2022.06.02"]
[EventType "swiss"]
[EventRounds "9"]
[EventCountry "RUS"]
[SourceTitle "CBM 208 Extra"]
[Source "ChessBase"]
[SourceDate "2022.07.31"]
[SourceVersion "1"]
[SourceVersionDate "2022.07.31"]
[SourceQuality "1"]

1. e4 c5 2. Nf3 d6 3. d4 cxd4 4. Nxd4 Nf6 5. Nc3 Nc6 6. Bg5 e6 7. Qd2 a6 8. 0-0-0 Bd7 9. f3 Be7 10. g4 h5 11. gxh5 Rxh5 12. h4 b5 13. Kb1 b4 14. Nxc6 Bxc6 15. Bxf6 Bxf6 16. Ne2 Qb6 17. Ng3 Rc5 18. f4 0-0-0 19. Bd3 a5 20. Qe2 g6 21. h5 g5 22. fxg5 Rxg5 23. Qf3 Be5 24. Ne2 f5 25. Rhg1 Rxg1 26. Rxg1 a4 27. Rg6 Qb7 28. Bc4 Bxe4 29. Bxe6+ Kb8 30. Qf2 b3 31. axb3 axb3 32. Nd4 bxc2+ 33. Kc1 Qb6 0-1